El símbolo niceno
Saved in:
| Hovedforfatter: | |
|---|---|
| Format: | Bog |
| Sprog: | spansk |
| Udgivet: |
Madrid
Instituto Francisco Suárez
1947
|
| Fag: | |
| Tags: |
Tilføj Tag
Ingen Tags, Vær først til at tagge denne postø!
|
MARC
| LEADER | 00000nam a2200000 a 4500 | ||
|---|---|---|---|
| 001 | UCP4907 | ||
| 003 | CL-VaPUC | ||
| 008 | 990821e19470000SP |||||||||||||||||spa|d | ||
| 082 | 0 | 4 | |a 270.2 |b ORT |2 21 |
| 100 | |a Ortiz de Urbina, Ignacio |e autor |9 432914 | ||
| 245 | 1 | 3 | |a El símbolo niceno |
| 300 | |a 300 p | ||
| 942 | |c BK | ||
| 945 | |d 19990821 00:00:00 |a crobeson | ||
| 260 | |a Madrid |b Instituto Francisco Suárez |c 1947 | ||
| 600 | 0 | 7 | |a CONSTANTINO I |2 CL-VaPUC |9 314052 |
| 650 | 7 | |a CONCILIO DE NICEA |2 CL-VaPUC |9 432915 | |
| 650 | 0 | |a Concilios ecuménicos |9 399684 | |
| 650 | 7 | |a HISTORIA ECLESIASTICA |2 CL-VaPUC |9 432916 | |
| 650 | 0 | |a Imperio Bizantino |9 315386 | |
| 651 | 7 | |a CONSTANTINOPLA |2 CL-VaPUC |9 342299 | |
| 583 | |a last modification |c 19990821 00:00:00 |k Rodrigo Vera | ||
| 999 | |c 282797 |d 282795 | ||
| 952 | |0 0 |1 0 |4 0 |6 270_200000000000000_ORT_1947 |7 0 |8 X |9 325206 |a BIBHIS |b BIBHIS |d 2019-11-20 |i 1356089 |o 270.2 ORT 1947 |p 1356089 |r 2024-01-30 |w 2019-11-20 |y BK_X |k HIS | ||